000 00705nam a2200289Ia 4500
005 20260324144003.0
008 008 260324s9999 xx 000 0 eng d
020 _a9781003149583
037 _aEBOOK
040 _aCRL
040 _beng
040 _cCRL
041 _2eng
041 _aeng
084 _qCRL
100 _aRichard Cohen; Peter A. Wilson
_91217654
245 0 _aSuperpowers in Economic Decline
245 0 _bU.S. Strategy for the Transcentury Era
260 _bTaylor and Francis
260 _c1990
365 _a
365 _b170
856 _uhttp://www.taylorfrancis.com/books/9781003149583
942 _cEBOOK
999 _c1823732
_d1823732